Medieval Hand and Siege Weapons. - Statistics

General Stats
  • This quiz has been taken 202 times
  • The average score is 10 of 16
Answer Stats
Description of Siege or Hand Weapon Weapon % Correct
Large bow generally used by the English. Longbow
95%
Knobbed ball on end of stick Mace
90%
A bow horizontally mounted on a stock, replaces longbow. Crossbow
89%
Long, pole like weapon used on horseback. Used in jousting. Lance
84%
A short knife that comes to a point. Dagger
80%
Long thrusting spear, generally used in the infantry. Pike
78%
A very large siege weapon that hurls rocks into walls. Trebuchet
74%
(May be spiked or not) ball attached by chain to a stick. Flail
68%
A pike fitted with an axe head. Halberd
65%
A log forcefully hit into gates or doors in order to shake them down. Battering Ram
64%
Similar to a crossbow but much larger. Ballista
61%
Spiked ball on end of stick Morningstar
59%
An axe thrown at an enemy providing more force than a battle axe. Throwing Axe
49%
An axe with the blade on one side and a sharp metal object extending from the other side. Battle Axe
44%
Basic sword for knights Broad Sword
38%
Fired heavy objects from a bowl extending from the arm. Mangonel
13%
No matching quizzes found
Score Distribution
Percent of People with Each Score
Percentile by Number Answered
Your Score History
You have not taken this quiz